Statystyki dla Kraje zaciemnione - mapa świata

Kliknij tutaj aby rozwiązać quiz!

Ogólne statystyki

  • Ten quiz został rozwiązany 400 razy
  • Średni wynik to 15 z 17

Odpowiedzi na mapie

Odpowiedzi skodowane kolorowo w zielono-czerwonej skali na mapie do tego quizu, zgodnie z poniższymi procentami.
 

Statystyki odpowiedzi

Państwo% Poprawnych
Szwecja
97%
Argentyna
96%
Chiny
96%
Chiny
96%
Rosja
96%
Egipt
95%
Indie
95%
Mongolia
95%
Norwegia
95%
Brazylia
90%
Sudan
89%
Libia
87%
Pakistan
87%
Paragwaj
86%
Urugwaj
86%
Nepal
82%
Czad
79%

Rozkład punktacji

Percentyl według liczby udzielonych odpowiedzi

Procent ludzi z każdym wynikiem

Twoja historia wyników

Nie rozwiązałeś tego quizu